000 01592nam a22003497a 4500
999 _c23580
_d23580
003 AR-CdUCM
008 260401b2024 pe ||||| |||| 00| 0 esp d
020 _aN° 978-612-00-9837-0
040 _aMUNICIPALIDAD PROVINCIAL DEL CUSCO
_cBIBLIOTECA MUNICIPAL DEL CUSCO
041 _hspa
082 _a614.1 /
_bL64
100 _aLimpe Ramos, Patricia
_952462
245 _aCertificación de Laboratorios de Servicio :
_bSeguridad y Salud Ocupacional /
260 _aCusco - Perú :
_bLimpe Ramos, Patricia,
_c2024.
300 _a194 Páginas. :
_bCuadros, gráficos
_c14 x 20 cm.
500 _zPáginas 193 - 194
505 _aContenido: Sección I. Generalidades -- Sección II. Directrices del Plan de Seguridad y Salud Ocupacional -- Sección III. Identificación de Peligros y Evaluación de Riesgos - Línea Base -- Sección IV. Planeamiento, Organización, Dirección y Control de Actividades -- Sección V. Plan de Contingencia -- Sección VI. Presupuesto Anual de Seguridad, Salud y Gestión Ambiental....
650 _aPolítica de Calidad
_952473
650 _aMetas y Objetivos
_952474
650 _aValores
_95705
650 _aLiderazgo y Compromiso
_952475
650 _aOrganigrama
_952476
650 _aModelo de Sistema
_952477
650 _aFactores Químicos
_952478
650 _aManejo de Equipos
_952479
650 _aPlaneamiento de Actividades
_952480
650 _aSupervisión y Presupuesto
_952481
700 _aBustamante Jaén, Julio Danilo
_952482
700 _aSánchez Quispe, Honorato
_952483
942 _2ddc
_cLIBROS
945 _ajmcs
_d01/04/2026